000 00377pam a2200157a 44500
008 230515b1998 xxu||||| |||| 00| 0 eng d
020 _aNULL
041 _aENGLISH
082 _aNULL
100 _aSTREETER V. L. / WYLIE
245 _aFLUID MECHANICS (ADDISION)
250 _aNULL
260 _aNULL
_bADIS HEALTH SCIENCE PRESS
_c1998
300 _a740 PB
650 _aNULL
999 _c630684
_d630684